| 000 | 00918cam a2200265 a 4500 | ||
|---|---|---|---|
| 001 | 000005116 | ||
| 003 | DO-SdBNP | ||
| 005 | 20240305091458.0 | ||
| 007 | ta | ||
| 008 | 870519s1992 pr r 000 0 spa c | ||
| 020 | _a0865814147 | ||
| 040 |
_aDO-SdBNP _bspa _cBNPHU |
||
| 082 | 4 |
_aPR861.08 _bP221e _222 |
|
| 245 | 0 | 0 |
_aPara entendernos : _binventario poético puertorriqueño : Siglos XIX y XX / _ccompilación Efrain Barradas. |
| 260 |
_aSan Juan, Puerto Rico : _bInstituto de Cultura Puertorriqueña, _c1992. |
||
| 300 |
_a458 p. ; _c23 cm. |
||
| 500 | _aIncluye datos biográficos del autor en la contracubierta | ||
| 590 | _aInventariado, 2019/ YL | ||
| 650 | 4 |
_aPoesía puertorriqueña _914662 |
|
| 650 | 4 |
_aLiteratura puertorriqueña _9250 |
|
| 700 | 1 |
_aBarradas, Efraín _ecomp. _914663 |
|
| 740 | 0 | _aInventario poético puertorriqueno. | |
| 910 | _aValidado. Control de calidad MFF | ||
| 942 |
_2ddc _cLBS1 |
||
| 999 |
_c4919 _d4919 |
||